• 首页
  • 本馆介绍
  • 公告通知
  • 最新文献
  • 馆藏检索
  • 电子资源
  • 读者导购
  • 参考咨询
  • 我的图书馆
  • 登录
  • 详细信息显示
  • 放入我的书架
  • 预约/预借图书
  • 作者相关作品
  • 分类相关作品
  • 丛书相关作品
  • 出版社相关作品

书目信息

  • 表格格式
  • 工作单格式
  • 卡片格式
题名:
晶体管脉冲电路与数字集成电路
    
 
作者: ;清华大学《晶体管脉冲电路与数字集成电路》编写组 编
分册: 上册  
出版信息: 北京   人民邮电出版社  1977
页数: 372页
开本: 19cm
丛书名:
单 册:
中图分类: TN78
科图分类:
主题词: 脉冲电路 , 数字集成电路
电子资源:
ISBN: 15045.总2150-无625
000 00866cam0 2200241 450
001 0177003077
005 20060619155043.0
010    @a15045.总2150-无625@dCNY0.94
091    @a15045.总2150-无625
100    @a19951013d1977 em y0chiy0110 ea
101 0  @achi
102    @aCN@b110000
105    @ay z 000yy
106    @ar
200 1  @a晶体管脉冲电路与数字集成电路@9Jing Ti Guan Mai;Mo Chong Dian Lu Yu Shu;Shuo Zi Ji Cheng Dian Lu @f清华大学《晶体管脉冲电路与数字集成电路》编写组编著@h上册
210    @a北京@c人民邮电出版社@d1977
215    @a372页@d19cm
606 0  @a脉冲电路
606 0  @a数字集成电路
690    @aTN78@v3 
711 02 @a清华大学《晶体管脉冲电路与数字集成电路》编写组@9qing hua da xue 《jing ti guan mai chong dian lu》 yu shu zi ji cheng dian lu bian xie zu@4编
801  0 @aCN@b91MARC@c20210624
905    @aBZT@dTN78@e4:1@f1@sTN78/4:1
    
    晶体管脉冲电路与数字集成电路/清华大学《晶体管脉冲电路与数字集成电路》编写组编著.上册.-北京:人民邮电出版社,1977
    372页;19cm
    
    
    ISBN 15045.总2150-无625:CNY0.94
    
●
相关链接 在五车中查询图书 在当当中查询图书 在豆瓣中查询图书


正题名:晶体管脉冲电路与数字集成电路     索取号:TN78/4:1         预约/预借

序号 登录号 条形码 馆藏地/架位号 状态 备注
1 2000142711   2000142711   旧书回溯/ [索取号:TN78/4:1] 在馆    
山东省滨州职业学院图书馆 欢迎您!
大连网信软件有限公司© 版权所有